Biomass processing technologies / (Record no. 19721)
[ view plain ]
| 000 -LEADER | |
|---|---|
| fixed length control field | 01471cam a22003255a 4500 |
| 001 - CONTROL NUMBER | |
| control field | 17995541 |
| 005 - DATE AND TIME OF LATEST TRANSACTION | |
| control field | 20170122101622.0 |
| 008 - FIXED-LENGTH DATA ELEMENTS--GENERAL INFORMATION | |
| fixed length control field | 140113t20152015flua frb 001 0 eng d |
| 020 ## - INTERNATIONAL STANDARD BOOK NUMBER | |
| International Standard Book Number | 9781466566163 (hbk. ) |
| 020 ## - INTERNATIONAL STANDARD BOOK NUMBER | |
| International Standard Book Number | 1466566167 (hbk. ) |
| 040 ## - CATALOGING SOURCE | |
| Original cataloging agency | DLC |
| Language of cataloging | eng |
| Transcribing agency | DLC |
| Modifying agency | DLC |
| -- | EG-ScBUE |
| 082 04 - DEWEY DECIMAL CLASSIFICATION NUMBER | |
| Edition number | 22 |
| Classification number | 662.88 |
| Item number | BIO |
| 245 00 - TITLE STATEMENT | |
| Title | Biomass processing technologies / |
| Statement of responsibility, etc | edited by Vladimir Strezov and Tim J. Evans. |
| 260 ## - PUBLICATION, DISTRIBUTION, ETC. (IMPRINT) | |
| Place of publication, distribution, etc | Boca Raton, Florida : |
| Name of publisher, distributor, etc | CRC Press / Taylor & Francis Group, |
| Date of publication, distribution, etc | c.2015. |
| 300 ## - PHYSICAL DESCRIPTION | |
| Extent | xi, 407 p. : |
| Other physical details | ill. ; |
| Dimensions | 24 cm. |
| 500 ## - GENERAL NOTE | |
| General note | Index : p. 379-407. |
| 504 ## - BIBLIOGRAPHY, ETC. NOTE | |
| Bibliography, etc | Includes bibliographical references. |
| 505 0# - FORMATTED CONTENTS NOTE | |
| Formatted contents note | Properties of biomass fuels -- Sustainability considerations for electricity generation from biomass -- Combustion of biomass --<br/>Gasification of biomass -- Pyrolysis of biomass -- Hydrothermal processing of biomass -- Anaerobic digestion -- Esterification --<br/>Fermentation of biomass -- Fischer-tropsch synthesis from biosyngas -- Bio-oil applications and processing. |
| 590 ## - LOCAL NOTE (RLIN) | |
| Local note | shima<br/>Wessam |
| 650 #7 - SUBJECT ADDED ENTRY--TOPICAL TERM | |
| Topical term or geographic name as entry element | Biomass conversion. |
| Source of heading or term | BUEsh |
| 9 (RLIN) | 41636 |
| 650 #7 - SUBJECT ADDED ENTRY--TOPICAL TERM | |
| Topical term or geographic name as entry element | Plant biomass. |
| Source of heading or term | BUEsh |
| 9 (RLIN) | 41637 |
| 651 ## - SUBJECT ADDED ENTRY--GEOGRAPHIC NAME | |
| Source of heading or term | BUEsh |
| 653 ## - INDEX TERM--UNCONTROLLED | |
| Resource For college | Engineering, General |
| Arrived date list | June2015 |
| -- | October2015 |
| 653 ## - INDEX TERM--UNCONTROLLED | |
| Resource For college | Engineering, Chemical |
| Arrived date list | October2016 |
| 653 ## - INDEX TERM--UNCONTROLLED | |
| Resource For college | Engineering, General |
| Arrived date list | October2016 |
| 650 #7 - SUBJECT ADDED ENTRY--TOPICAL TERM | |
| 9 (RLIN) | 41638 |
| Topical term or geographic name as entry element | Plant products |
| General subdivision | Biotechnology |
| Source of heading or term | BUEsh |
| 700 1# - ADDED ENTRY--PERSONAL NAME | |
| Personal name | Strezov, Vladimir |
| Relator term | editor. |
| 9 (RLIN) | 41639 |
| 700 1# - ADDED ENTRY--PERSONAL NAME | |
| Personal name | Evans, Tim J. |
| Relator term | editor. |
| 9 (RLIN) | 41640 |
| 942 ## - ADDED ENTRY ELEMENTS (KOHA) | |
| Source of classification or shelving scheme | Dewey Decimal Classification |
| Call number prefix | 662.88 BIO |
| Edition | 22 |
| Withdrawn status | Lost status | Source of classification or shelving scheme | Damaged status | Not for loan | Koha collection | Home library | Current library | Shelving location | Date acquired | Source of acquisition | Cost, normal purchase price | Serial Enumeration / chronology | Total Checkouts | Full call number | Barcode | Checked out | Date last seen | Date last borrowed | Cost, replacement price | Koha item type |
|---|---|---|---|---|---|---|---|---|---|---|---|---|---|---|---|---|---|---|---|---|
| Dewey Decimal Classification | Alahram | Central Library | Central Library | First floor | 17/06/2015 | 720.00 | 316 | 2 | 662.88 BIO | 000038618 | 01/10/2024 | 07/07/2024 | 07/07/2024 | 900.00 | Book - Borrowing | |||||
| Dewey Decimal Classification | Baccah | Central Library | Central Library | First floor | 30/10/2016 | Purchase | 896.00 | 3652 | 662.88 BIO | 000034227 | 15/07/2025 | 1120.00 | Book - Borrowing |